Statistics for African Countries with the Most Chinese

Click here to take the quiz!

General Stats

  • This quiz has been taken 154 times
  • The average score is 7 of 10

Answer Stats

Number of ChineseCountry% Correct
350,000South Africa
96%
20,000Nigeria
86%
259,000Angola
78%
12,000Mozambique
71%
15,000-25,000Republic of Congo
71%
35,000Algeria
68%
70,000-100,000Madagascar
68%
6,000-20,000Ghana
66%
19,845Zambia
63%
38,500Mauritius
40%

Score Distribution

Percentile by Number Answered

Percent of People with Each Score

Your Score History

You have not taken this quiz